00853 a2200193 4500952015200000952015200152999001700304003000400321005001700325008004100342020001800383040000900401082002300410100003300433245008900466260003800555300001400593942005200607 00102ddc40708DAIRYaMESbMEScDAIRYd2022-08-23e35g594.94l0o641.3710954 PAN/Ip41519r2022-08-23 00:00:00t2v594.94w2022-08-23yBKzU21R3 00102ddc40708DAIRYaMESbMEScDAIRYd2022-08-23e35g594.94l0o641.3710954 PAN/Ip41518r2022-08-23 00:00:00t1v594.94w2022-08-23yBKzU21R3 c41499d41499OSt20220823124322.0220823b ||||| |||| 00| 0 eng d a9788176223164 cOCLC a641.3710954bPAN/I1 99073aPandey, Rajendra Kumar aIndigenous milk products bVol 1: Fat rich milk sweets /cDr. Rajendra Kumar Pandey aNew Delhi:bBiotech books,c2014. a186 pages 2ddccBKh641.3710954iPAN/Ik641.3710954mPAN/I